[Event "14. Lichtenberger Sommer"]
[Site "14. Lichtenberger Sommer"]
[Date "2015.08.23"]
[Round "9.11"]
[White "Heuser, Philip"]
[Black "Von Herman, Ulf"]
[Result "1-0"]
[WhiteElo "2111"]
[BlackElo "2375"]
[PlyCount "51"]
[EventDate "2015.??.??"]
[WhiteTeam "Münchener SC"]
[BlackTeam "SK König Tegel"]

1. d4 Nf6 2. c4 e6 3. Nc3 Bb4 4. f3 c5 5. d5 O-O 6. e4 Re8 7. Nge2 exd5 8. cxd5
Nh5 9. g4 Nf6 10. Ng3 d6 11. Be2 c4 12. g5 Nfd7 13. Bxc4 Qc7 14. Be2 Bxc3+ 15.
bxc3 Qxc3+ 16. Bd2 Qd4 17. Nf5 Qb6 18. Rb1 Qc7 19. Bf4 Ne5 20. Rc1 Qa5+ 21. Bd2
Qd8 22. Rxc8 Qxc8 23. Nxd6 Qh3 24. Nxe8 Nbd7 25. Nd6 Nc5 26. Bf4 1-0

[Event "14. Lichtenberger Sommer"]
[Site "14. Lichtenberger Sommer"]
[Date "2015.08.23"]
[Round "9.12"]
[White "Rietze, Clemens"]
[Black "Simon, Ralf-Axel"]
[Result "1-0"]
[WhiteElo "2289"]
[BlackElo "2113"]
[PlyCount "61"]
[EventDate "2015.??.??"]
[WhiteTeam "SC Rotation Pankow"]
[BlackTeam "TSG Neuruppin"]

1. d4 Nf6 2. c4 c6 3. Nc3 d5 4. Nf3 e6 5. Bg5 h6 6. Bh4 dxc4 7. e4 g5 8. Bg3 b5
9. Be2 Bb4 10. Qc2 Bb7 11. O-O Nbd7 12. Ne5 Nxe5 13. Bxe5 O-O 14. Rad1 Re8 15.
f4 Nd7 16. Bh5 f6 17. Bxe8 Qxe8 18. Bxf6 Nxf6 19. fxg5 Nh7 20. gxh6 Bf8 21. Rf3
Qd7 22. e5 Bxh6 23. Rh3 Kg7 24. Qf2 Qe7 25. Ne4 Rg8 26. Nf6 Nxf6 27. exf6+ Qxf6
28. Qxf6+ Kxf6 29. Rxh6+ Kf5 30. Re1 c5 31. Re5+ 1-0

[Event "14. Lichtenberger Sommer"]
[Site "14. Lichtenberger Sommer"]
[Date "2015.08.23"]
[Round "9.13"]
[White "Vogel, Robert"]
[Black "Nötzel, Felix"]
[Result "0-1"]
[WhiteElo "2218"]
[BlackElo "2103"]
[PlyCount "76"]
[EventDate "2015.??.??"]
[WhiteTeam "SG Pang-Rosenheim"]
[BlackTeam "SF 1903 Berlin"]

1. d4 d5 2. c4 e6 3. Nf3 c6 4. Nc3 dxc4 5. a4 Bb4 6. e3 b5 7. Bd2 a5 8. axb5
Bxc3 9. Bxc3 cxb5 10. b3 Bb7 11. bxc4 b4 12. Bb2 Nf6 13. Bd3 O-O 14. O-O Nbd7
15. Qc2 Qc7 16. e4 e5 17. c5 exd4 18. Bxd4 Ng4 19. Rfc1 Bc6 20. Bc4 a4 21. h3
Nge5 22. Nxe5 Nxe5 23. Bd5 Rfe8 24. f4 Ng6 25. g3 Ne7 26. Qc4 Bxd5 27. exd5 Qd7
28. d6 Nc6 29. Bf2 a3 30. Qd5 h6 31. Re1 Rab8 32. Kg2 Rxe1 33. Bxe1 b3 34. Bc3
b2 35. Rb1 Qe6 36. Qxc6 Qe2+ 37. Kh1 a2 38. Re1 b1=Q 0-1

[Event "14. Lichtenberger Sommer"]
[Site "14. Lichtenberger Sommer"]
[Date "2015.08.23"]
[Round "9.14"]
[White "Ferster, Fabian"]
[Black "Miersch, Marco"]
[Result "1-0"]
[WhiteElo "2142"]
[BlackElo "2137"]
[PlyCount "79"]
[EventDate "2015.??.??"]
[WhiteTeam "SK Ottenau"]
[BlackTeam "SV Berolina Mitte"]

1. e4 c5 2. Nf3 d6 3. d4 cxd4 4. Nxd4 Nf6 5. Nc3 a6 6. Bc4 e6 7. Bb3 Be7 8. g4
Nc6 9. g5 Nxd4 10. Qxd4 Nh5 11. Rg1 b5 12. Be3 O-O 13. O-O-O Qc7 14. Kb1 Rb8
15. f4 b4 16. Ne2 g6 17. Qd3 Bd7 18. Ng3 Nxg3 19. hxg3 Bb5 20. Qd2 Bc4 21. Rh1
f5 22. gxf6 Rxf6 23. g4 d5 24. exd5 exd5 25. Bxc4 dxc4 26. Qd5+ Rf7 27. Rxh7
Bf6 28. Rh6 Rd8 29. Rxg6+ Kh8 30. Qh5+ Rh7 31. Rxd8+ Qxd8 32. Rh6 Rxh6 33.
Qxh6+ Kg8 34. Qg6+ Kh8 35. Qh5+ Kg8 36. g5 Qe7 37. gxf6 Qxe3 38. Qg6+ Kf8 39.
Qg7+ Ke8 40. f7+ 1-0

[Event "14. Lichtenberger Sommer"]
[Site "14. Lichtenberger Sommer"]
[Date "2015.08.23"]
[Round "9.15"]
[White "Schäfer, Heiko"]
[Black "Postler, Reinhard"]
[Result "0-1"]
[WhiteElo "2085"]
[BlackElo "2214"]
[PlyCount "50"]
[EventDate "2015.??.??"]
[WhiteTeam "Potsdamer SV"]
[BlackTeam "TSG Oberschöneweide"]

1. Nf3 d5 2. c4 c6 3. g3 Nf6 4. Bg2 Bg4 5. Ne5 Bf5 6. cxd5 cxd5 7. Qa4+ Nc6 8.
Nxc6 Qd7 9. Nc3 bxc6 10. d3 e6 11. O-O Be7 12. b4 O-O 13. Bd2 Rab8 14. a3 Rfc8
15. Rfc1 e5 16. Qd1 c5 17. bxc5 Rxc5 18. Na2 Rxc1 19. Qxc1 h6 20. Nb4 Rc8 21.
Qb2 e4 22. d4 Bh3 23. Bh1 Qa4 24. Rc1 Rc4 25. Rxc4 Qd1+ 0-1

[Event "14. Lichtenberger Sommer"]
[Site "14. Lichtenberger Sommer"]
[Date "2015.08.23"]
[Round "9.17"]
[White "Sabrowski, Uwe"]
[Black "Niehaus, Frank"]
[Result "1/2-1/2"]
[WhiteElo "2082"]
[BlackElo "2203"]
[PlyCount "88"]
[EventDate "2015.??.??"]
[WhiteTeam "SC Friesen Lichtenberg"]
[BlackTeam "SK König Tegel"]

1. d4 Nf6 2. c4 c5 3. d5 b5 4. cxb5 a6 5. bxa6 g6 6. Nc3 Bxa6 7. f4 d6 8. Nf3
Bg7 9. e4 Bxf1 10. Rxf1 O-O 11. Qe2 e6 12. dxe6 fxe6 13. e5 Nd5 14. Ng5 Nc7 15.
exd6 Qxd6 16. Be3 Nba6 17. Nge4 Qe7 18. Qc4 Rab8 19. Rf2 Rb4 20. Qd3 Rd8 21.
Qc2 Nd5 22. Bd2 Rd4 23. a3 c4 24. Re2 Qb7 25. Nxd5 exd5 26. Ng5 Nc5 27. Be3 Nb3
28. Bxd4 Nxd4 29. Qd2 Nxe2 30. Qxe2 Qd7 31. Kf1 Re8 32. Qc2 Rb8 33. Rb1 Qb5 34.
a4 Qb3 35. Qe2 h6 36. Qe6+ Kh8 37. Nf7+ Kh7 38. Qxd5 c3 39. Qxb3 Rxb3 40. Ne5
cxb2 41. Ke2 Rb4 42. g3 g5 43. Ke3 Kg8 44. a5 Rb5 1/2-1/2

[Event "14. Lichtenberger Sommer"]
[Site "14. Lichtenberger Sommer"]
[Date "2015.08.23"]
[Round "9.18"]
[White "McGowan, Daniel"]
[Black "Pluska, Alexander"]
[Result "1/2-1/2"]
[WhiteElo "2120"]
[BlackElo "2030"]
[PlyCount "86"]
[EventDate "2015.??.??"]
[WhiteTeam "SF 1903 Berlin"]
[BlackTeam "SK Doppelbauer Kiel"]

1. e4 c5 2. Nf3 e6 3. b3 Nc6 4. Bb2 a6 5. d4 cxd4 6. Nxd4 Bb4+ 7. c3 Bc5 8.
Nxc6 bxc6 9. Bd3 e5 10. Nd2 Ne7 11. Qe2 d6 12. g3 Ng6 13. h4 h5 14. O-O-O Be6
15. Bc4 Qf6 16. Rhf1 d5 17. Bd3 Ne7 18. f4 Bg4 19. Qe1 exf4 20. gxf4 Qd6 21.
Be2 Bxe2 22. Qxe2 Ba3 23. Bxa3 Qxa3+ 24. Kb1 Qd6 25. Rg1 Kf8 26. Qd3 Qe6 27.
Qd4 Qf6 28. e5 Qxh4 29. Rg5 Rh6 30. Rdg1 Rg6 31. Rxg6 Nxg6 32. Qc5+ Ne7 33. f5
f6 34. Rxg7 Qe1+ 35. Kb2 Qxd2+ 36. Ka3 Qc1+ 37. Ka4 Qf4+ 38. Ka3 Qxe5 39. Rh7
Rd8 40. Rh8+ Kg7 41. Rxd8 Qxf5 42. Qd6 Qe5 43. Qd7 Qxc3 1/2-1/2

[Event "14. Lichtenberger Sommer"]
[Site "14. Lichtenberger Sommer"]
[Date "2015.08.23"]
[Round "9.19"]
[White "Reichenbach, Werner"]
[Black "Kornrumpf, Joachim"]
[Result "1/2-1/2"]
[WhiteElo "2241"]
[BlackElo "2046"]
[PlyCount "92"]
[EventDate "2015.??.??"]
[WhiteTeam "SC Eintracht Berlin"]
[BlackTeam "Preetzer TSV"]

1. d4 Nf6 2. Bg5 e6 3. Nd2 d5 4. e3 Be7 5. Bd3 O-O 6. Ngf3 c5 7. c3 b6 8. Ne5
Bb7 9. Bxf6 Bxf6 10. f4 Nd7 11. O-O g6 12. Qg4 Bg7 13. Nxd7 Qxd7 14. h4 f5 15.
Qg3 Bf6 16. h5 Qg7 17. hxg6 hxg6 18. Nf3 Kf7 19. Kf2 Rh8 20. Rh1 Rh6 21. Rh3
Rah8 22. Rah1 Rxh3 23. Rxh3 Rxh3 24. gxh3 Bc6 25. Be2 Be8 26. h4 Ke7 27. Kg2 c4
28. Bd1 b5 29. Ng5 a5 30. Qe1 Kd6 31. Nf3 Qh7 32. Kh3 Qb7 33. a3 Be7 34. Qd2
Bf6 35. Ng5 Be7 36. Nf3 Bf6 37. Ne5 Qh7 38. Nf3 Qb7 39. Kg3 Be7 40. Ne1 Kc7 41.
Nc2 Qb8 42. Bf3 Qd8 43. Qh2 Qb8 44. Qd2 Qd8 45. Qh2 Qb8 46. Qd2 Qd8 1/2-1/2

[Event "14. Lichtenberger Sommer"]
[Site "14. Lichtenberger Sommer"]
[Date "2015.08.23"]
[Round "9.20"]
[White "De Marchi, Olivier"]
[Black "Guenther, Thomas"]
[Result "1-0"]
[WhiteElo "2283"]
[BlackElo "2081"]
[PlyCount "123"]
[EventDate "2015.??.??"]
[WhiteTeam "La Diagonale - Eybens"]
[BlackTeam "SV Senat (FV Schach)"]

1. d4 Nf6 2. c4 e6 3. g3 c5 4. d5 exd5 5. cxd5 d6 6. Nc3 g6 7. Bg2 Bg7 8. Nf3
O-O 9. O-O Re8 10. Nd2 Na6 11. Nc4 Nc7 12. Bf4 Bf8 13. a4 Nh5 14. Bd2 f5 15. e4
Nf6 16. Re1 fxe4 17. Bg5 Be7 18. Nxe4 Nxe4 19. Bxe7 Rxe7 20. Bxe4 b5 21. Na5
Rf7 22. Nc6 Qf6 23. Qd2 b4 24. Re3 Bg4 25. Kg2 a6 26. h3 Bd7 27. Rf3 Qg7 28.
Rxf7 Qxf7 29. Na5 Re8 30. f3 Bf5 31. Nc4 Bxe4 32. fxe4 Qd7 33. Qf4 Qe7 34. Re1
Nxd5 35. Qxd6 Qxd6 36. Nxd6 Re5 37. Nc4 Re6 38. Kf3 Nb6 39. Nxb6 Rxb6 40. e5
Kf7 41. Ke4 c4 42. Rc1 c3 43. bxc3 bxc3 44. Rxc3 Ke6 45. Rc4 a5 46. Rd4 Rc6 47.
h4 Rb6 48. g4 h6 49. Rd6+ Rxd6 50. exd6 Kxd6 51. Kd4 h5 52. g5 Ke6 53. Kc5 Kf5
54. Kb5 Kg4 55. Kxa5 Kxh4 56. Kb4 Kg3 57. a5 h4 58. a6 h3 59. a7 Kg2 60. a8=Q+
Kg1 61. Qa1+ Kg2 62. Qb2+ 1-0

[Event "14. Lichtenberger Sommer"]
[Site "14. Lichtenberger Sommer"]
[Date "2015.08.23"]
[Round "9.21"]
[White "Plump, Detlef"]
[Black "Zschäbitz, Klaus"]
[Result "1/2-1/2"]
[WhiteElo "2216"]
[BlackElo "2061"]
[PlyCount "140"]
[EventDate "2015.??.??"]
[WhiteTeam "Bremer SG von 1877"]
[BlackTeam "Berliner SchGes Eckbauer"]

1. e4 e6 2. d4 d5 3. Nc3 Bb4 4. e5 Ne7 5. Nf3 c5 6. a3 Bxc3+ 7. bxc3 h6 8. a4
b6 9. Bb5+ Bd7 10. Bd3 Qc7 11. O-O Nbc6 12. Ba3 Na5 13. dxc5 bxc5 14. Bc1 O-O
15. Re1 Nac6 16. c4 Rab8 17. Bf4 dxc4 18. Bxc4 Rb4 19. Re4 Na5 20. Bd3 Rfb8 21.
Bd2 Rxe4 22. Bxe4 Nc4 23. Bc3 Bc6 24. Qe2 Nb6 25. a5 Nbd5 26. Bd2 Nb4 27. c3
Bxe4 28. Qxe4 Nbc6 29. c4 Rb3 30. h4 Qd8 31. Be3 Nxa5 32. Bxc5 Nec6 33. Bd6 Qb6
34. h5 Rb2 35. c5 Qb4 36. Qxb4 Rxb4 37. Kf1 Rb2 38. Bc7 Rb5 39. Bd6 f6 40. exf6
gxf6 41. Ra4 Rb4 42. Rxb4 Nxb4 43. Nd4 Kf7 44. Ke2 Nac6 45. Nxc6 Nxc6 46. Bf4
Kg7 47. Kd3 f5 48. Kc4 a6 49. f3 Kh7 50. Kd3 Kg7 51. Kc4 Na5+ 52. Kd3 Nc6 53.
g4 fxg4 54. fxg4 Kh7 55. Ke4 Kg7 56. Be5+ Kh7 57. Bc3 Kg8 58. Kf4 Kh7 59. Ba1
a5 60. Ke4 a4 61. Kd3 e5 62. Ke4 a3 63. Kd5 a2 64. Ke4 Kg7 65. Kf5 Kf7 66. Bc3
Ke7 67. Ba1 Nd4+ 68. Kxe5 Nb3 69. Bb2 Nxc5 70. Kf5 Kf7 1/2-1/2

[Event "14. Lichtenberger Sommer"]
[Site "14. Lichtenberger Sommer"]
[Date "2015.08.23"]
[Round "9.22"]
[White "De Sallier, Francois"]
[Black "Kutschke, Jens"]
[Result "1-0"]
[WhiteElo "2131"]
[BlackElo "1975"]
[PlyCount "167"]
[EventDate "2015.??.??"]
[WhiteTeam "Club du Canal St-Martin Paris"]
[BlackTeam "SF 1903 Berlin"]

1. e4 e6 2. d3 d5 3. Qe2 dxe4 4. dxe4 e5 5. Nf3 Nc6 6. c3 Nf6 7. Qc2 Bd6 8. Be2
O-O 9. Bg5 Qe7 10. Nbd2 a6 11. a4 Nd8 12. Nc4 Ne6 13. Bh4 Nf4 14. O-O Bg4 15.
Ne3 Bh5 16. Rfe1 Bc5 17. Nf5 Qe6 18. b4 Ba7 19. Ng5 Nxe2+ 20. Rxe2 Qc4 21. Ree1
Bg6 22. Ne7+ Kh8 23. Nxg6+ fxg6 24. Nf3 Rae8 25. Bg3 Nh5 26. Rad1 Nxg3 27. hxg3
Qf7 28. Re2 h6 29. Rd5 Qf6 30. Rd7 Qc6 31. Qd3 g5 32. Qd5 Qxa4 33. Rxc7 Rd8 34.
Qxe5 Rd1+ 35. Kh2 Rg8 36. Qe6 Qa1 37. Kh3 Rh1+ 38. Kg4 Qf1 39. Rc8 Rxc8 40.
Qxc8+ Kh7 41. Qf5+ Kg8 42. Rd2 Bb6 43. Rd7 Qc4 44. Qe5 h5+ 45. Kxg5 Qb5 46.
Qxb5 axb5 47. Nd4 Rf1 48. f4 Re1 49. e5 Re3 50. Nf5 Rxc3 51. Rxb7 Bd8+ 52. Kg6
Rc6+ 53. Nd6 Bc7 54. Rxb5 Bxd6 55. exd6 Rxd6+ 56. Kxh5 Kh7 57. g4 Rh6+ 58. Kg5
Rh2 59. Rb7 Rxg2 60. f5 Rf2 61. b5 Rf1 62. b6 Rf2 63. Rc7 Rb2 64. b7 Rb5 65.
Kh5 Kg8 66. Rc8+ Kh7 67. b8=Q Rxb8 68. Rc7 Rb5 69. Re7 Rc5 70. Kg5 Rb5 71. Kf4
Rb1 72. Re3 Rb4+ 73. Kg5 Rb6 74. Re5 Rb1 75. f6 gxf6+ 76. Kxf6 Rb6+ 77. Kf5 Rb7
78. Re6 Rb5+ 79. Kf6 Rb7 80. g5 Rg7 81. Kf5 Rf7+ 82. Rf6 Kg7 83. Ke6 Rxf6+ 84.
gxf6+ 1-0

[Event "14. Lichtenberger Sommer"]
[Site "14. Lichtenberger Sommer"]
[Date "2015.08.23"]
[Round "9.24"]
[White "Richter, Götz"]
[Black "Amelang, Thomas"]
[Result "1/2-1/2"]
[WhiteElo "2088"]
[BlackElo "2158"]
[PlyCount "66"]
[EventDate "2015.??.??"]
[WhiteTeam "Klub Kölner SF"]
[BlackTeam "SK Siemens München"]

1. e4 g6 2. d4 Bg7 3. Nc3 d6 4. Be3 a6 5. Qd2 b5 6. Bd3 Bb7 7. h4 h5 8. Nh3 Nf6
9. f3 Nbd7 10. Ne2 c6 11. Nf2 e5 12. c3 Qe7 13. Bc2 d5 14. Bg5 Qe6 15. Bb3 Nb6
16. O-O-O Nc4 17. Bxc4 bxc4 18. dxe5 Qxe5 19. exd5 cxd5 20. Nd4 O-O 21. Rde1
Qc7 22. Re2 Rae8 23. Rhe1 Qd7 24. Qf4 Nh7 25. Be7 Ra8 26. Nh3 Rfe8 27. Ng5 Nxg5
28. hxg5 Bc6 29. Qh4 Qc7 30. f4 Bxd4 31. cxd4 Bd7 32. f5 Bxf5 33. Bd6 Qd7
1/2-1/2

[Event "14. Lichtenberger Sommer"]
[Site "14. Lichtenberger Sommer"]
[Date "2015.08.23"]
[Round "9.25"]
[White "Gallien, Fabian"]
[Black "Steinert, Christian"]
[Result "1-0"]
[WhiteElo "2145"]
[BlackElo "1971"]
[PlyCount "70"]
[EventDate "2015.??.??"]
[WhiteTeam "SC Schwarz-Weiß Lichtenrade e.V."]
[BlackTeam "SV Empor Berlin"]

1. d4 Nf6 2. Bg5 e6 3. e3 c5 4. c3 d5 5. Nf3 Nc6 6. Nbd2 Qb6 7. Qb3 c4 8. Qc2
h6 9. Bxf6 gxf6 10. e4 f5 11. exd5 exd5 12. Nh4 Ne7 13. Ndf3 Bg7 14. g3 Ng6 15.
Be2 f4 16. O-O O-O 17. Rfe1 Bg4 18. Bf1 Rae8 19. Bg2 Qf6 20. Qd2 Qd6 21. Rxe8
Rxe8 22. Re1 Re4 23. Nxg6 fxg6 24. Nh4 Rxe1+ 25. Qxe1 fxg3 26. hxg3 Kf7 27. Qe3
g5 28. Nf3 Qe6 29. Ne5+ Bxe5 30. dxe5 b6 31. Qd4 Qf5 32. Bxd5+ Ke7 33. Bxc4
Qb1+ 34. Kg2 Qd1 35. Qxd1 Bxd1 1-0

[Event "14. Lichtenberger Sommer"]
[Site "14. Lichtenberger Sommer"]
[Date "2015.08.23"]
[Round "9.27"]
[White "Hamann, Carsten"]
[Black "Wierzbicki, Jirawat"]
[Result "0-1"]
[WhiteElo "2116"]
[BlackElo "1961"]
[PlyCount "88"]
[EventDate "2015.??.??"]
[WhiteTeam "Preetzer TSV"]
[BlackTeam "SK König Tegel"]

1. e4 e5 2. f4 exf4 3. Nf3 Be7 4. Bc4 Nf6 5. Nc3 Nxe4 6. Bxf7+ Kxf7 7. Ne5+ Kf8
8. Nxe4 d5 9. Nf2 Bd6 10. d4 g5 11. O-O Kg7 12. Qh5 Bxe5 13. dxe5 h6 14. g3
fxg3 15. hxg3 Qe8 16. Qe2 Nc6 17. Nd3 Rf8 18. Be3 d4 19. Bd2 Bf5 20. Rae1 Qg6
21. Nc5 b6 22. Nb3 Bxc2 23. Rxf8 Rxf8 24. e6 Qd3 25. Qxd3 Bxd3 26. e7 Re8 27.
Re6 Bb5 28. Re4 Rxe7 29. Rxe7+ Nxe7 30. Nxd4 Bd7 31. Nf3 Nc6 32. Bc3+ Kg6 33.
Ne5+ Nxe5 34. Bxe5 c6 35. Bb8 a6 36. Ba7 b5 37. b4 Kf5 38. Kf2 Ke4 39. Ke2 h5
40. Bb6 h4 41. gxh4 gxh4 42. Bc5 Be6 43. a3 h3 44. Bg1 Bg4+ 0-1

[Event "14. Lichtenberger Sommer"]
[Site "14. Lichtenberger Sommer"]
[Date "2015.08.23"]
[Round "9.28"]
[White "Wörz, Markus"]
[Black "Keusch, Horst"]
[Result "0-1"]
[WhiteElo "2065"]
[BlackElo "1984"]
[PlyCount "60"]
[EventDate "2015.??.??"]
[WhiteTeam "SC Kreuzberg"]
[BlackTeam "SC Eintracht Berlin"]

1. e4 g6 2. d4 c6 3. Nc3 d5 4. e5 Bg7 5. f4 Nh6 6. Nf3 Bg4 7. Be3 O-O 8. Bd3 f6
9. O-O f5 10. h3 Bxf3 11. Qxf3 e6 12. Ne2 Nf7 13. g4 Nd7 14. Kh2 Kh8 15. Rg1
Nh6 16. g5 Ng8 17. Rg3 Rf7 18. Rh1 Bf8 19. Kg2 Qb6 20. h4 c5 21. h5 Ne7 22.
Rgh3 c4 23. Rh4 cxd3 24. Qh3 Kg8 25. hxg6 Nxg6 26. Rxh7 Rg7 27. Qh6 Kf7 28.
cxd3 Rxh7 29. Qxh7+ Bg7 30. Rh6 Ndf8 0-1

[Event "14. Lichtenberger Sommer"]
[Site "14. Lichtenberger Sommer"]
[Date "2015.08.23"]
[Round "9.29"]
[White "Birkholz, Axel"]
[Black "Osipenko, Pavel"]
[Result "1/2-1/2"]
[WhiteElo "1895"]
[BlackElo "2042"]
[PlyCount "58"]
[EventDate "2015.??.??"]
[WhiteTeam "SR Spaichingen"]
[BlackTeam "Oryol"]

1. e4 c5 2. Nf3 Nc6 3. d4 cxd4 4. Nxd4 g6 5. Nc3 Nf6 6. Be3 Bg7 7. Bc4 Qa5 8.
O-O a6 9. Nb3 Qc7 10. Bg5 O-O 11. f4 d6 12. Bxf6 exf6 13. Qd2 Be6 14. Bxe6 fxe6
15. Nd4 Nxd4 16. Qxd4 f5 17. Qe3 Bxc3 18. bxc3 Rfe8 19. a4 Rac8 20. Rab1 Re7
21. Rb3 Qc6 22. exf5 gxf5 23. Qf3 Qxa4 24. Rxb7 Rxb7 25. Qxb7 Qc6 26. Qe7 d5
27. Qg5+ Kf7 28. Qh5+ Kg8 29. Qg5+ Kf7 1/2-1/2

[Event "14. Lichtenberger Sommer"]
[Site "14. Lichtenberger Sommer"]
[Date "2015.08.23"]
[Round "9.30"]
[White "Rodmacq, Clement"]
[Black "Lawrenz, Sebastian"]
[Result "1/2-1/2"]
[WhiteElo "2039"]
[BlackElo "1910"]
[PlyCount "36"]
[EventDate "2015.??.??"]
[WhiteTeam "La Diagonale - Eybens"]
[BlackTeam "SC Zitadelle Spandau"]

1. e4 d5 2. exd5 Qxd5 3. Nc3 Qa5 4. d4 Nf6 5. Bc4 Bf5 6. Nf3 e6 7. Bd2 c6 8.
Bb3 Nbd7 9. Qe2 Bb4 10. O-O O-O 11. a3 Bxc3 12. Bxc3 Qc7 13. Bd2 h6 14. h3 Rfe8
15. Ne5 Nxe5 16. Bf4 Nfd7 17. Bxe5 Nxe5 18. Qxe5 Qxe5 1/2-1/2

[Event "14. Lichtenberger Sommer"]
[Site "14. Lichtenberger Sommer"]
[Date "2015.08.23"]
[Round "9.31"]
[White "Donath, Johann"]
[Black "Mayer, Herbert"]
[Result "1-0"]
[WhiteElo "2060"]
[BlackElo "1949"]
[PlyCount "61"]
[EventDate "2015.??.??"]
[WhiteTeam "BSV 63 Chemie Weißensee"]
[BlackTeam "SC Rochade (Berlin)"]

1. e4 c5 2. c3 d5 3. exd5 Qxd5 4. d4 Nc6 5. Nf3 Bg4 6. Be2 cxd4 7. cxd4 e6 8.
O-O Nf6 9. Nc3 Qa5 10. Be3 Be7 11. Qb3 Qb4 12. Qc2 O-O 13. a3 Qd6 14. Rad1 Nd5
15. Qb3 Nxc3 16. bxc3 Qc7 17. h3 Bh5 18. c4 Rac8 19. g4 Bg6 20. d5 exd5 21.
cxd5 Na5 22. Qb2 b6 23. Ba6 Nc4 24. Bxc4 Qxc4 25. Ne5 Qc7 26. Bf4 Bd6 27. Rfe1
Rfd8 28. Rc1 Qb7 29. Rxc8 Qxc8 30. Nc6 Bxf4 31. Ne7+ 1-0

[Event "14. Lichtenberger Sommer"]
[Site "14. Lichtenberger Sommer"]
[Date "2015.08.23"]
[Round "9.32"]
[White "Schmidt, Jürgen"]
[Black "Segerberg, Tomas"]
[Result "1/2-1/2"]
[WhiteElo "1936"]
[BlackElo "2073"]
[PlyCount "96"]
[EventDate "2015.??.??"]
[WhiteTeam "SC Kreuzberg"]
[BlackTeam "Narva Berlin"]

1. e4 c5 2. Nf3 e6 3. Nc3 a6 4. d4 cxd4 5. Nxd4 Qc7 6. g3 b5 7. a3 Bb7 8. Bg2
Bc5 9. Nb3 Be7 10. O-O Nf6 11. Re1 d6 12. f4 O-O 13. e5 Ne8 14. Bxb7 Qxb7 15.
Ne4 d5 16. Ng5 Bxg5 17. fxg5 Nc6 18. Nd4 Rc8 19. Nxc6 Qxc6 20. c3 g6 21. Be3
Ng7 22. g4 Qc4 23. Bd4 Ne8 24. Re3 Kg7 25. Rh3 Rh8 26. Qd2 Qc7 27. Rf1 Qb7 28.
Rhf3 Rc7 29. Rh3 a5 30. b4 axb4 31. axb4 Rc6 32. Rhf3 Rc7 33. Bc5 Rd7 34. Ra1
d4 35. Rd3 Qe4 36. Rxd4 Qxg4+ 37. Rxg4 Rxd2 38. Ra7 h6 39. Rf4 hxg5 40. Rfxf7+
Kh6 41. h3 Rd1+ 42. Kg2 g4 43. Bf8+ Kh5 44. h4 g5 45. hxg5 Rd2+ 46. Kg3 Rd3+
47. Kg2 Rd2+ 48. Kg3 Rd3+ 1/2-1/2

[Event "14. Lichtenberger Sommer"]
[Site "14. Lichtenberger Sommer"]
[Date "2015.08.23"]
[Round "9.33"]
[White "Kohler, Thomas"]
[Black "Bezy, Cedric"]
[Result "1-0"]
[WhiteElo "2206"]
[BlackElo "1780"]
[PlyCount "45"]
[EventDate "2015.??.??"]
[WhiteTeam "SC Zitadelle Spandau"]
[BlackTeam "La Diagonale - Eybens"]

1. c4 b6 2. Nc3 f5 3. d3 Bb7 4. e4 fxe4 5. dxe4 e6 6. Bd3 Nc6 7. Nf3 Bb4 8. Bd2
Bxc3 9. Bxc3 Qe7 10. e5 O-O-O 11. Qd2 Rf8 12. Ng5 g6 13. f4 Nb8 14. Ne4 Bxe4
15. Bxe4 Nh6 16. b4 Rhg8 17. O-O Rf7 18. c5 bxc5 19. bxc5 Qxc5+ 20. Bd4 Qa3 21.
Rab1 Nc6 22. Bxc6 dxc6 23. Rb3 1-0

[Event "14. Lichtenberger Sommer"]
[Site "14. Lichtenberger Sommer"]
[Date "2015.08.23"]
[Round "9.34"]
[White "Rudolph, Stephanie"]
[Black "Brümmel, Arend"]
[Result "0-1"]
[WhiteElo "1910"]
[BlackElo "2154"]
[PlyCount "51"]
[EventDate "2015.??.??"]
[WhiteTeam "SF Friedrichshagen"]
[BlackTeam "Stader SV"]

1. d4 d5 2. Nf3 Nf6 3. e3 g6 4. Bd3 Bg7 5. Nbd2 Nbd7 6. b3 c5 7. Bb2 O-O 8. h3
Re8 9. Ne5 Nxe5 10. dxe5 Nd7 11. f4 Rb8 12. Qe2 Qa5 13. c4 dxc4 14. Bxc4 b5 15.
e6 bxc4 16. exd7 Bxd7 17. Bxg7 Kxg7 18. Qxc4 Red8 19. Qc2 Bf5 20. Qb2+ f6 21.
g4 Be4 22. Rh2 c4 23. Rc1 cxb3 24. axb3 Rd3 25. Re2 Rdxb3 26. Ra1 0-1

[Event "14. Lichtenberger Sommer"]
[Site "14. Lichtenberger Sommer"]
[Date "2015.08.23"]
[Round "9.35"]
[White "Getzuhn, Detlef"]
[Black "Albert, Jörg"]
[Result "0-1"]
[WhiteElo "1889"]
[BlackElo "2201"]
[PlyCount "70"]
[EventDate "2015.??.??"]
[WhiteTeam "SV Senat (FV Schach)"]
[BlackTeam "SV Eiche Reichenbrand"]

1. e4 c6 2. d4 d5 3. Nd2 dxe4 4. Nxe4 Bf5 5. Ng3 Bg6 6. Nf3 Nd7 7. Bd3 Ngf6 8.
O-O e6 9. Re1 Be7 10. Bg5 Qc7 11. a4 Bxd3 12. Qxd3 h6 13. Bxf6 Nxf6 14. Ne4 O-O
15. c3 Rfd8 16. Nxf6+ Bxf6 17. Qe4 Rd5 18. Re2 Rad8 19. Rae1 Qb6 20. g3 Qb3 21.
Qc2 Qxc2 22. Rxc2 c5 23. dxc5 Rxc5 24. Rd2 Rxd2 25. Nxd2 Ra5 26. Re4 Rd5 27.
Nc4 Rd1+ 28. Kg2 Rb1 29. Re2 Ra1 30. Nd6 b6 31. Re4 Ra2 32. Rc4 Rxb2 33. Ne4
Ra2 34. Kf3 Be5 35. h4 f5 0-1

[Event "14. Lichtenberger Sommer"]
[Site "14. Lichtenberger Sommer"]
[Date "2015.08.23"]
[Round "9.36"]
[White "Heldt, Ronny"]
[Black "Kather, Yannick"]
[Result "0-1"]
[WhiteElo "1922"]
[BlackElo "2041"]
[PlyCount "62"]
[EventDate "2015.??.??"]
[WhiteTeam "SC Kreuzberg"]
[BlackTeam "SC Weisse Dame (Berlin)"]

1. g3 g6 2. Bg2 Bg7 3. Nf3 Nf6 4. O-O O-O 5. d3 d5 6. Nbd2 c5 7. e4 Nc6 8. Re1
b6 9. exd5 Nxd5 10. a4 Bb7 11. Nc4 e6 12. Bg5 Qc7 13. Qd2 Rfe8 14. Bh6 Bh8 15.
h4 Nd4 16. h5 Nxf3+ 17. Bxf3 Bd4 18. hxg6 Qxg3+ 19. Kf1 Qxf3 20. gxf7+ Qxf7 21.
Nd6 Qe7 22. Nxe8 Rxe8 23. Ke2 Bxb2 24. Rg1+ Kh8 25. Raf1 Qf7 26. c4 Qh5+ 27. f3
Bc3 28. Qc1 Bd4 29. Rg2 Nc3+ 30. Ke1 Qh4+ 31. Rff2 Qh1+ 0-1

[Event "14. Lichtenberger Sommer"]
[Site "14. Lichtenberger Sommer"]
[Date "2015.08.23"]
[Round "9.37"]
[White "Wirth, Heinz"]
[Black "Schubert, Joachim"]
[Result "1-0"]
[WhiteElo "2021"]
[BlackElo "1845"]
[PlyCount "83"]
[EventDate "2015.??.??"]
[WhiteTeam "SC Weisse Dame (Berlin)"]
[BlackTeam "SC Friesen Lichtenberg"]

1. e4 c5 2. Nf3 Nc6 3. Bb5 g6 4. c3 Bg7 5. d4 cxd4 6. cxd4 Qb6 7. Nc3 Nxd4 8.
Nd5 Nxf3+ 9. Qxf3 Qd8 10. Bf4 e5 11. Qc3 Kf8 12. Bxe5 Bxe5 13. Qxe5 f6 14. Qd6+
Kg7 15. Nc7 Nh6 16. Bc4 Rb8 17. O-O-O b5 18. Bb3 Rb6 19. Ne6+ dxe6 20. Qxd8
Rxd8 21. Rxd8 Rc6+ 22. Kb1 Nf7 23. Rd2 Ne5 24. Rc1 Nc4 25. Rdc2 Ba6 26. a4 Rd6
27. axb5 Na5 28. Ba4 Bb7 29. f3 Rd4 30. b3 f5 31. e5 Bd5 32. Kb2 Kh6 33. Rc7
Nb7 34. Kc3 Rh4 35. h3 Kg5 36. Rd1 Na5 37. Rxa7 Nc4 38. bxc4 Rxc4+ 39. Kb2 f4
40. Rxd5 exd5 41. e6 Kf6 42. e7 1-0

[Event "14. Lichtenberger Sommer"]
[Site "14. Lichtenberger Sommer"]
[Date "2015.08.23"]
[Round "9.38"]
[White "Federau, Jürgen"]
[Black "Adelberger, Georg"]
[Result "1/2-1/2"]
[WhiteElo "2121"]
[BlackElo "1926"]
[PlyCount "55"]
[EventDate "2015.??.??"]
[WhiteTeam "SC Kreuzberg e.V."]
[BlackTeam "SC Kreuzberg"]

1. d4 d5 2. c4 e6 3. Nc3 Nf6 4. cxd5 exd5 5. Bg5 Be7 6. e3 O-O 7. Bd3 c6 8. Qc2
Nbd7 9. Nge2 Re8 10. O-O Nf8 11. f3 Nh5 12. Bxe7 Rxe7 13. e4 dxe4 14. fxe4 Ne6
15. d5 Nc5 16. Rad1 Nxd3 17. Qxd3 Bg4 18. Rd2 Bxe2 19. Nxe2 cxd5 20. exd5 Qd6
21. Nc3 Rae8 22. Qd4 a6 23. a4 Nf6 24. b3 Ne4 25. Nxe4 Rxe4 26. Qf2 R8e7 27.
Rc1 g6 28. Rcd1 1/2-1/2